000 01293cam a2200169 4500500
005 20260111091208.0
041 _afre
042 _adc
100 1 0 _aCastro, Michel
_eauthor
245 0 0 _aPhilosophie weilienne et théologie chrétienne chez Henri Bouillard
260 _c2005.
500 _a22
520 _aLa rencontre du philosophe Eric Weil permet au théologien Henri Bouillard de mettre en œuvre son concept de théologie fondamentale, notamment à propos des rapports entre politique et christianisme, et entre philosophie et foi ; mais elle le conforte aussi à ne pas relever les défis de son époque : les théologies politiques et les sciences humaines.
520 _aHenri Bouillard, in his theological quest, is inspired by Eric Weil’s philosophy in working out his concept of fundamental theology, especially in what concerns the relationship between politics and christianity, and between philosophy and faith. On the other hand, Weil’s philosophy also guards him against taking up the challenges of our time : political theology and human sciences.
786 0 _nNouvelle revue théologique | 127 | 2 | 2005-03-12 | p. 236-250 | 0029-4845
856 4 1 _uhttps://shs.cairn.info/revue-nouvelle-revue-theologique-2005-2-page-236?lang=fr&redirect-ssocas=7080
999 _c1620545
_d1620545